Vista normal Vista MARC

Entrada Materia (personas)

Número de registros utilizados en: 2

001 - CONTROL NUMBER

  • control field: 135856

003 - CONTROL NUMBER IDENTIFIER

  • control field: Co-BoUCM

005 - DATE AND TIME OF LATEST TRANSACTION

  • control field: 20211021072724.0

008 - FIXED-LENGTH DATA ELEMENTS

  • fixed length control field: 211021|| aca||aabn | a|a d

040 ## - CATALOGING SOURCE

  • Original cataloging agency: Co-BoUCM
  • Transcribing agency: Co-BoUCM

100 ## - HEADING--PERSONAL NAME

  • Personal name: Vidal, Juan Carlos

670 ## - SOURCE DATA FOUND

  • Source citation: Work cat.: (Co-BoUCM)58399: Stasiuk, Andrzej 1960- 135854, Nueve, 2004